| 000 | 00508nam a2200145Ia 4500 | ||
|---|---|---|---|
| 008 | 170221s9999 xx 000 0 und d | ||
| 100 | _aAnna A. Kulikova | ||
| 245 | _aIssues of Legal Forms of the Mediated Implementation of the Right of Public Property and Self-financing | ||
| 245 | _cAnna A. Kulikova | ||
| 260 | _bInternational Review of Management and Marketing | ||
| 260 | _cJune 2014 | ||
| 300 | _a6:1 | ||
| 650 | _xMarketing. | ||
| 856 | _uhttp://www.econjournals.com/index.php/irmm/issue/view/86 | ||
| 999 |
_c310228 _d310228 |
||